| 000 | 00902nam a22001817a 4500 | ||
|---|---|---|---|
| 008 | 151104b xxu||||| |||| 00| 0 eng d | ||
| 050 | _aBX1938.B5C776 | ||
| 111 |
_aCanon Law Society of America _920874 |
||
| 245 |
_aCooperation between theologians and the ecclesistical magisterium: _ba report of the joint committe of the Canon law society of America and the catholic theological society of America _c/by Canon Law society of America; Catholic theological society of America and edited by O'donovan, Leo J. |
||
| 260 |
_aWashington DC. _bThe Catholic University of America _c1982 |
||
| 300 |
_a189p. _c23cm. |
||
| 650 |
_aBishops (Canon law) _920875 |
||
| 650 |
_aTheologians (canon law) _920876 |
||
| 700 |
_aCatholic Theological Society of America _ejoint author _920877 |
||
| 700 |
_aCanon Law Sociaty of America _921032 |
||
| 700 |
_aO'donovan, Leo J. _eeditor _920878 |
||
| 942 |
_2lcc _cMONOGRAPH |
||
| 999 |
_c123724 _d123724 |
||